| 000 | 00548nam a2200145Ia 4500 | ||
|---|---|---|---|
| 008 | 170221s9999 xx 000 0 und d | ||
| 100 | _aIrina Gennadievna Kuzina | ||
| 245 | 4 | _aThe Structure of Value Orientations of Modern Russian Families: The Regional Dimension of the Problem | |
| 245 | _cIrina Gennadievna Kuzina, Anna Viktorovna Vinokurova | ||
| 260 | _bInternational Review of Management and Marketing | ||
| 260 | _c2016 | ||
| 300 | _a6 : 3S | ||
| 650 | _xMarketing. | ||
| 856 | _uhttp://www.econjournals.com/index.php/irmm/issue/view/75 | ||
| 999 |
_c308601 _d308601 |
||